Evropská unie

Gespeichert in:
Bibliographische Detailangaben
1. Verfasser: Fiala, Petr
Weitere Verfasser: Krutílek, Ondřej, Pitrová, Markéta
Format: Buch
Sprache:Tschechisch
Veröffentlicht: Brno Centrum pro studium demokracie a kultury (CDK) 2018
Ausgabe:3. aktualizované, rozšířené a doplněné vydání
Schlagworte:
Tags: Tag hinzufügen
Keine Tags, Fügen Sie das erste Tag hinzu!

MARC

LEADER 00000nam a2200000 4500
001 0249161
005 20240221112722.0
020 |a 978-80-7325-450-6 
041 0 |a cze 
044 |a CZ 
245 1 0 |a Evropská unie  |c Petr Fiala, Ondřej Krutílek, Markéta Pitrová ; recenzovali: Běla Plechanovová... [et al.] 
250 |a 3. aktualizované, rozšířené a doplněné vydání 
264 1 |a Brno  |b Centrum pro studium demokracie a kultury (CDK)  |c 2018 
300 |a 990 s. 
610 2 0 |a integrácia ekonomická medzinárodná 
610 2 0 |a spolupráca medzinárodná 
610 2 0 |a Európa 
610 2 0 |a Európske spoločenstvá 
610 2 0 |a Európska únia 
100 1 |a Fiala, Petr 
700 1 |a Krutílek, Ondřej 
700 1 |a Pitrová, Markéta